50 Most Spoken Languages in the World - Statistics

General Stats
  • This quiz has been taken 172 times
  • The average score is 31 of 50
Answer Stats
# of Speakers Language % Correct
552 Million Spanish
100%
1.516 Billion English
99%
308 Million French
99%
1.186 Billion Mandarin
99%
254 Million Russian
98%
266 Million Portuguese
97%
796 Million Arabic
96%
135 Million German
94%
605 Million Hindi
94%
126 Million Japanese
93%
66.4 Million Italian
91%
81.6 Million Korean
90%
91.1 Million Turkish
86%
243 Million Urdu
86%
82 Million Persian
85%
45.7 Million Polish
84%
282 Million Bengali
81%
96.6 Million Vietnamese
81%
29.2 Million Malay
80%
71.7 Million Thai
80%
86.4 Million Tagalog
75%
251 Million Indonesian
70%
85.5 Million Tamil
70%
38.2 Million Ukrainian
70%
85.4 Million Swahili
67%
~160 Million Punjabi
64%
44.2 Million Burmese
61%
~41.2 Million Pashto
57%
27.6 Million Zulu
56%
33.2 Million Igbo
50%
33.1 Million Nepali
49%
49.1 Million Yoruba
48%
59.1 Million Gujarati
47%
~33 Million Uzbek
46%
92 Million Marathi
45%
68.8 Million Javanese
42%
95.3 Million Telugu
41%
58.9 Million Amharic
40%
93 Million Hausa
36%
54.5 Million Kannada
34%
36 Million Malayalam
34%
36.5 Million Sindhi
26%
~45.5 Million Oromo
24%
35.3 Million Sundanese
21%
27.7 Million Assamese
19%
36.7 Million Odia
19%
32.7 Million Dari
17%
50.7 Million Bhojpuri
12%
39.6 Million Lingala
9%
119 Million Nigerian Pidgin
2%
No matching quizzes found
Score Distribution
Percent of People with Each Score
Percentile by Number Answered
Your Score History
You have not taken this quiz